| 000 | 00634nam a22002177a 4500 | ||
|---|---|---|---|
| 010 | _aB-162099 | ||
| 020 |
_a9788171771721 _c1290.00 |
||
| 035 | _aB-162099 | ||
| 037 | _bCen Lib / Ret | ||
| 040 |
_aDPL _bEN |
||
| 082 |
_a347.54 _bMAL |
||
| 100 | _aMallick, M. R. | ||
| 245 |
_aGanguly's Civil court practice & procedure / _cby M. R. Mallick |
||
| 250 | _a13th ed | ||
| 260 |
_aKokata _bEastern Law House _c2005 |
||
| 270 |
_a54 Ganesh Chunder Avenue _bKolkata _e700013 |
||
| 300 |
_a2729p _c27cm(Hb) |
||
| 650 | _aCivil procedure -- India. | ||
| 650 | _aCivil procedure. | ||
| 942 |
_2ddc _cEN _h347.54 _mMAL |
||
| 999 |
_c136883 _d136883 |
||